Normal view MARC view

Entry Uniform Title

Number of records used in: 2

001 - CONTROL NUMBER

  • control field: 48415

003 - CONTROL NUMBER IDENTIFIER

  • control field: dpl

005 - DATE AND TIME OF LATEST TRANSACTION

  • control field: 20120604124203.0

008 - FIXED-LENGTH DATA ELEMENTS

  • fixed length control field: 120604|||a|||||| | ||| d

040 ## - CATALOGING SOURCE

  • Original cataloging agency: dpl
  • Transcribing agency: dpl

130 ## - HEADING--UNIFORM TITLE

  • Uniform title:

670 ## - SOURCE DATA FOUND

  • Source citation: Work cat.: (dpl): गांगुली, गौरी 48414, सरल जन्तु विज्ञान कोश /, 1998

670 ## - SOURCE DATA FOUND

  • Source citation: Work cat.: (dpl): गांगुली, गौरी 48414, सरल जन्तु विज्ञान कोश /, 1998

© Delhi Public Library
Hit Counter
free hit counter